000 00404nam a2200157Ia 4500
008 230524s9999 xx 000 0 und d
082 _a612.3812
_bRAO
100 _aH.V.Satyanarayana Rao
245 0 _aElectrical Measurements & Measuring Instruments
250 _a3RD
260 _aNEW DELHI
_bKhanna
_c2003
300 _aVII;344
500 _aQuantity Number: 2
650 _aElectrical
942 _cBK
999 _c8754
_d8754